[Event "MCR_SF21"]
[Site "?"]
[Date "2009.??.??"]
[Round "?"]
[White "Goc, Pavel"]
[Black "Kudr, Roman"]
[Result "0-1"]
[WhiteElo "2012"]
[BlackElo "2223"]
[PlyCount "94"]
[EventDate "2009.??.??"]
[EventType "corr"]
[EventRounds "2"]

1. e4 c5 2. Nf3 d6 3. d4 cxd4 4. Nxd4 Nf6 5. Nc3 a6 6. Bg5 e6 7. f4 Nbd7 8. Qf3
Qc7 9. O-O-O Be7 10. Bd3 b5 11. Rhe1 Bb7 12. Qg3 b4 13. Nd5 exd5 14. e5 dxe5
15. fxe5 Nh5 16. e6 Nxg3 17. exf7+ Kxf7 18. Rxe7+ Kg8 19. hxg3 Qxg3 20. Ne6 Qe5
21. Rf1 Nf8 22. Bf5 g6 23. Nxf8 Qxe7 24. Bxe7 gxf5 25. Rxf5 Re8 26. Bxb4 Bc8
27. Rf2 Re4 28. Bc3 d4 29. Bb4 Rg4 30. Kd2 h5 31. Kd3 h4 32. a3 Rh5 33. Ng6
Rxg6 34. Rf8+ Kh7 35. Rxc8 Rxg2 36. Rc7+ Rg7 37. Rxg7+ Kxg7 38. Bd6 Kf6 39.
Kxd4 Ke6 40. Bh2 Rg5 41. c4 Rg2 42. Bc7 Rxb2 43. Kc3 Kd7 44. Be5 Rg2 45. Kb4
Kc6 46. Bf4 h3 47. Ka5 h2 0-1

[Event "MCR_SF21"]
[Site "?"]
[Date "2009.??.??"]
[Round "?"]
[White "Goc, Pavel"]
[Black "Smolka, Jan"]
[Result "0-1"]
[WhiteElo "2012"]
[BlackElo "2023"]
[PlyCount "106"]
[EventDate "2009.??.??"]
[EventType "corr"]
[EventRounds "2"]

1. e4 c5 2. Nf3 d6 3. d4 cxd4 4. Nxd4 Nf6 5. Nc3 g6 6. Be3 Bg7 7. f3 O-O 8. Qd2
Nc6 9. O-O-O d5 10. exd5 Nxd5 11. Nxc6 bxc6 12. Bd4 e5 13. Bc5 Be6 14. Ne4 Re8
15. h4 h5 16. g4 Nf4 17. Qe1 Qc7 18. gxh5 Nxh5 19. Kb1 Rad8 20. Nd6 Re7 21. Bc4
Nf4 22. h5 Red7 23. h6 Bf6 24. h7+ Kh8 25. Qb4 Bg7 26. Bb3 a5 27. Qc3 Nd5 28.
Qd2 Bf8 29. Qg5 Rxd6 30. Qxe5+ Bg7 31. Bxd6 Bxe5 32. Bxc7 Bxc7 33. c3 Ra8 34.
Rd4 Be5 35. Rdh4 g5 36. Ra4 Nb6 37. Ra3 a4 38. Bc2 f6 39. Rh6 Rb8 40. Bd3 Bd6
41. b4 axb3 42. Rxb3 Bxb3 43. axb3 Nd5 44. Kc2 Be5 45. Be4 Nxc3 46. Bxc6 Ne2
47. Kd3 Ng3 48. Ba4 Rc8 49. Bb5 Rc3+ 50. Kd2 Nf5 51. Rh3 Rxb3 52. Bc4 Bf4+ 53.
Kc2 Nd4+ 0-1

[Event "MCR_SF21"]
[Site "?"]
[Date "2009.??.??"]
[Round "?"]
[White "Smolka, Jan"]
[Black "Goc, Pavel"]
[Result "1-0"]
[WhiteElo "2023"]
[BlackElo "2012"]
[PlyCount "113"]
[EventDate "2009.??.??"]
[EventType "corr"]
[EventRounds "2"]

1. e4 e5 2. Nf3 Nc6 3. Bb5 Nf6 4. O-O Nxe4 5. d4 Nd6 6. Bxc6 dxc6 7. dxe5 Nf5
8. Qxd8+ Kxd8 9. Nc3 Bd7 10. h3 h6 11. b3 Kc8 12. Bb2 b6 13. Rad1 Ne7 14. Ne2
Ng6 15. Ng3 Nf4 16. Bc1 Nd5 17. Rd2 Bb4 18. Rd3 Bc3 19. Rfd1 Re8 20. Bd2 Bxd2
21. R3xd2 Re7 22. Ne2 b5 23. c4 Nb6 24. cxb5 cxb5 25. Ng3 a5 26. Rc2 Kb7 27.
Ne4 Rae8 28. Rdc1 Nd5 29. Rc5 Nf4 30. Rxc7+ Kb6 31. Nd4 Nd3 32. R1c3 b4 33. Rc2
Nxe5 34. Nd6 Rb8 35. f4 Nd3 36. Kh2 f6 37. N4f5 Re2 38. R2c4 Nb2 39. Rxd7 Nxc4
40. Nxc4+ Kc6 41. Rd6+ Kc7 42. Nd4 Rxa2 43. Ne6+ Kc8 44. Rd5 Kb7 45. Nxa5+ Kb6
46. Nc4+ Kc6 47. Rd6+ Kb7 48. Nc5+ Ka8 49. Nb6+ Ka7 50. Nba4 Rb5 51. Rd7+ Ka8
52. Rxg7 Rc2 53. Ne6 Ra5 54. Nb6+ Kb8 55. Nd7+ Kc8 56. Nxf6 Rc3 57. Ne4 1-0